Κουίζ Πολλαπλής Επιλογής Πόλης – Νάπολη - Statistics

General Stats
  • This quiz has been taken 8 times
  • The average score is 7 of 10
Answer Stats
Question Answer % Correct
Πώς ονομάζεται η παραδοσιακή πίτσα με ντομάτες, μοτσαρέλα και βασιλικό; Μαργαρίτα
100%
Ποια πόλη αναφέρεται σε έναν άνθρωπο από τη Νάπολη; Ναπολιτάνος
100%
Ποια ρωμαϊκή πόλη θάφτηκε από την έκρηξη αυτού του ηφαιστείου; Πομπηία
88%
Ποιος λαός ίδρυσε τη Νάπολη; Έλληνες
88%
Ποιο από αυτά τα νησιά βρίσκεται στον κόλπο της Νάπολης; Κάπρι
75%
Ποιος ποδοσφαιριστής έπαιξε για τη Νάπολι και είναι ο συνονόματος του γηπέδου της; Ντιέγκο Μαραντόνα
75%
Ποια κρίση έκανε την περιφερειακή κυβέρνηση να κηρύξει κατάσταση έκτακτης ανάγκης το 1994, με πολλούς να κατηγορούν για οργανωμένο έγκλημα; Συσσώρευση σκουπιδιών στους δρόμους
75%
Ποιο ηφαίστειο δεσπόζει κοντά στη Νάπολη; Βεζούβιος
63%
Σε ποια περιοχή της Ιταλίας βρίσκεται η Νάπολη; Καμπανία
25%
Ποιο ήταν το πρώτο όνομα της Νάπολης στα ελληνικά; Παρθενόπη
25%
No matching quizzes found
Score Distribution
Percent of People with Each Score
Percentile by Number Answered
Your Score History
You have not taken this quiz